LEADER 00981nam0 2200289 450 001 000005426 005 20080605150208.0 010 $a88-386-0748-6 100 $a20040520d1997----km-y0itay50------ba 101 1 $aita 102 $aIT 200 1 $aIntroduzione all'architettura dei calcolatori$fV. Carl Hamacher, Zvonko G. Vranesic, Safwat G. Zaky 210 $aMilano [etc.]$cMcGraw-Hill Italia$dc1997 215 $aXX, 582 p.$cill.$d24 cm 225 2 $aCollana di istruzione scientifica$iSerie di informatica 410 0$12001$aCollana di istruzione scientifca 454 1$12001$aComputer organization$938842 610 1 $aElaboratori elettronici$aStruttura 676 $a004.22 700 1$aHamacher,$bV. Carl$09337 701 1$aVranesic,$bZvonko G.$09338 702 1$aZaky,$bSafwat G. 801 0$aIT$bUNIPARTHENOPE$gRICA$2UNIMARC 912 $a000005426 951 $cPIST$aP1 004-I/7$b36772$d20040520 996 $aComputer organization$938842 997 $aUNIPARTHENOPE LEADER 01660cam0 2200301 450 001 E600200034658 005 20080312082807.0 100 $a20080219d2008 |||||ita|0103 ba 101 $aita 102 $aIT 200 1 $aPercorsi di procedura penale$eVol.I$e Dal garantismo inquisitorio a un accusatorio non garantito [scritti di]Leonardo Iannone [et al]$aVol.II$eIl processo come garanzia tra crisi e valori del sistema [scritti di] Giuseppe Di Chiara$aVol.III :Il sistema vigente tra tutela dell'individuo e nuove istanze di difesa sociale [scritti di] Sergio Lorusso [et al]$aVol.IV - La revisione del codice di procedura penale agli albori del ventennio (1988-2008)$eriforma globale e tutela dei diritti della persona$fcur.Vincenzo Perchinunno$g[Scritti di] Nicola Triggiani [et al] 210 $aMilano$cGiuffrè, 1996, 2000, 2004$d2008 215 $a4 v.$d24 cm 300 $a(rp) 610 0$aProcedura penale 702 1$aPerchinunno, Vincenzo$3A600200046773$4070 801 0$aIT$bUNISOB$c20080312$gRICA 850 $aUNISOB 852 $aUNISOB$j340|Per$m137493;137538-137540 912 $aE600200034658 940 $aM 102 Monografia moderna SBN 941 $aM 957 $b6347$gSi$d137493;137538-137540$racquisto$1pomicino$2UNISOB$3UNISOB$420080219092250.0$520080220082126.0$6pomicino$a340|Per 996 $aVol.III :Il sistema vigente tra tutela dell'individuo e nuove istanze di difesa sociale Sergio Lorusso et al$91684307 996 $aVol.II$9357085 996 $aPERCORSI di procedura penale$9642610 996 $aVol.IV - La revisione del codice di procedura penale agli albori del ventennio (1988-2008)$91684308 997 $aUNISOB